000 00564pab a2200181 454500
008 180718b2003 xxu||||| |||| 00| 0 eng d
100 _aMahajan, Sanjeev K.
245 _aEvaluation of training programmes and process of non-gazetted police officers in India - a case study of Himachal Pradesh
260 _c2003
300 _ap.27-53.
362 _aOct-Dec
650 _aTraining - India - Himachal Pradesh
650 _aPolice - India - Himachal Pradesh
650 _aPolice
700 _aSingh, Amar
773 _aIndian Police Journal
909 _a60268
999 _c60268
_d60268